000 02225nam a2200457 i 4500
001 194933
003 SpMaBN
005 20250728034804.0
008 240522e2024 sp | |||| 000 spa
015 _aMON24
017 _aM 7214-2024
020 _a9788409594672
040 _aSpMaBN
_bspa
_cSpMaBN
_erda
080 _a 77.03
245 0 0 _aArchivo fotográfico Banco de España :
_bde la albúmina al píxel /
_c[comisarios, Juan Miguel Sánchez Vigil, Elena Serrano, Patricia Alonso]
246 1 _aDe la albúmina al píxel
260 _aMadrid :
_bArtes Gráficas Palermo,
_c2024
300 _a79 páginas :
_bfotografías ;
_c24 cm
336 _aTexto
_2rdacontent
337 _asin mediación
_2rdamedia
338 _avolumen
_2rdacarrier
500 _aFolleto de la exposición "Archivo fotográfico Banco de España: de la albúmina al píxel"
504 _aBibliografía: páginas 78-79
530 _aDisponible en formato digital
585 _aLa exposición "El Archivo fotográfico del Banco de España: de la albúmina al píxel" refleja la vida del Banco de España y del país desde la mitad del siglo XIX hasta la actualidad, a través de 300 imágenes de un centenar de fotógrafos de reconocido prestigio
585 _aExposición celebrada en la sala de exposiciones del Banco de España, Madrid, del 9 de abril al 20 de julio de 2024
650 7 _aFotografía
_2embne
_912943
650 7 _aFotografía documental
_2embne
_912964
655 7 _2tgfbne
_9193628
_aCatálogos de exposiciones
700 1 _aSánchez Vigil, Juan Miguel,
_d1956-
_eorm
_9226419
700 _9237844
_aSerrano García, Elena,
_d1963-
_eorm
700 _aAlonso del Torno, Patricia
_eorm
_9238711
710 2 _92104
_aBanco de España
_eisb
852 _aES-MaACL
_cDEPOJ
_dDB-93
_hDonación: José Lázaro García
_jN-9902
_9205816
856 _uhttps://coleccion.bde.es/f/webca/ADS/Exposiciones/Folletos/FolletoExposicionArchivoFotograficoBDE.pdf
_yVersión en línea
_z(Banco de España)
903 _9234219
_aLázaro García, José
_ednr
942 _cMONOGRAFIA
_n0
999 _c194933
_d194933